000 00219nam a22000857a 4500
008 170201b xxu||||| |||| 00| 0 eng d
100 _92734
_aSebastian.T.O.
245 _aGeneral Knowledge-9
260 _aNew Delhi
_bOxford
_c2009
999 _c5909
_d5909